000 00656nam a22001577a 4500
003 MACL
005 20150704142920.0
008 150704b xxu||||| |||| 00| 0 eng d
040 _cMACL
082 _a741.642
100 _aहरदास, दत्‍तात्रय पुरूषोत्‍तम
_9578
245 _aदादा जी की अदालत, उठ जाग मुसाफिर, सुजान भगत, रंग बिरंगे पक्षी
260 _aप्रतापगढ
_bअंशिका प्रकाशन
_c30
650 _aचिल्‍ड्रन बुक्‍स
_9343
942 _2ddc
_cHIN
999 _c49989
_d49989